Hospital smarts (Record no. 351503)
[ view plain ]
| 000 -LEADER | |
|---|---|
| fixed length control field | 00836nam a2200277 a 4500 |
| 001 - CONTROL NUMBER | |
| control field | 1193898 |
| 003 - CONTROL NUMBER IDENTIFIER | |
| control field | OSt |
| 005 - DATE AND TIME OF LATEST TRANSACTION | |
| control field | 20180116183048.0 |
| 008 - FIXED-LENGTH DATA ELEMENTS--GENERAL INFORMATION | |
| fixed length control field | 971212s1995 njuk 001 0 eng |
| 010 ## - LIBRARY OF CONGRESS CONTROL NUMBER | |
| LC control number | 97224785 |
| 020 ## - INTERNATIONAL STANDARD BOOK NUMBER | |
| International Standard Book Number | 0138948666 |
| 040 ## - CATALOGING SOURCE | |
| Original cataloging agency | DLC |
| Transcribing agency | DLC |
| 082 00 - DEWEY DECIMAL CLASSIFICATION NUMBER | |
| Classification number | 362.1'1 TYB 1995 |
| 100 1# - MAIN ENTRY--PERSONAL NAME | |
| Personal name | Tyberg, Theodore. |
| 245 10 - TITLE STATEMENT | |
| Title | Hospital smarts |
| Statement of responsibility, etc. | Theodore Tyberg |
| Remainder of title | Kenneth Rothaus |
| 260 ## - PUBLICATION, DISTRIBUTION, ETC. | |
| Place of publication, distribution, etc. | Paramus, NJ |
| Name of publisher, distributor, etc. | Prentice Hall |
| Date of publication, distribution, etc. | 1995 |
| 300 ## - PHYSICAL DESCRIPTION | |
| Extent | 232 p. : |
| Other physical details | PB |
| Dimensions | 24 cm. |
| 440 ## - SERIES STATEMENT/ADDED ENTRY--TITLE | |
| Title | Hospital smarts |
| 500 ## - GENERAL NOTE | |
| General note | Previously published with subtitle: Everything you need to know about the hospital, the nursing staff and your bill! |
| 500 ## - GENERAL NOTE | |
| General note | Includes index. |
| 650 #0 - SUBJECT ADDED ENTRY--TOPICAL TERM | |
| Topical term or geographic name entry element | Hospital patients. |
| 650 #0 - SUBJECT ADDED ENTRY--TOPICAL TERM | |
| Topical term or geographic name entry element | Hospital care. |
| 650 #0 - SUBJECT ADDED ENTRY--TOPICAL TERM | |
| Topical term or geographic name entry element | Consumer education. |
| 700 1# - ADDED ENTRY--PERSONAL NAME | |
| Personal name | Rothaus, Kenneth. |
| 942 ## - ADDED ENTRY ELEMENTS (KOHA) | |
| Source of classification or shelving scheme | |
| Koha item type | Book |
| Withdrawn status | Lost status | Source of classification or shelving scheme | Damaged status | Not for loan | Collection code | Permanent Location | Current Location | Shelving location | Date acquired | Total Checkouts | Full call number | Barcode | Date last seen | Date last checked out | Price effective from | Koha item type |
|---|---|---|---|---|---|---|---|---|---|---|---|---|---|---|---|---|
| Central Library (CL) | Central Library (CL) | General Stacks | 07/22/2016 | 1 | 362.1'1 TYB 1995 | NBSD-2565 | 11/23/2017 | 08/22/2017 | 07/22/2016 | Book |
